<?xml version="1.0" encoding="UTF-8"?>
<record
    xmlns:xsi="http://www.w3.org/2001/XMLSchema-instance"
    xsi:schemaLocation="http://www.loc.gov/MARC21/slim http://www.loc.gov/standards/marcxml/schema/MARC21slim.xsd"
    xmlns="http://www.loc.gov/MARC21/slim">

  <leader>04948njm0a2200517   4500</leader>
  <controlfield tag="001">RU\NLR\ONIZ\214516</controlfield>
  <controlfield tag="005">20260406012715.0</controlfield>
  <datafield tag="035" ind1=" " ind2=" ">
    <subfield code="a">(NLR Aleph) 011273202</subfield>
  </datafield>
  <datafield tag="071" ind1="0" ind2="0">
    <subfield code="a">&#x421;10-06083-4</subfield>
  </datafield>
  <datafield tag="090" ind1=" " ind2=" ">
    <subfield code="a">13283390</subfield>
    <subfield code="c">13283390</subfield>
  </datafield>
  <datafield tag="100" ind1=" " ind2=" ">
    <subfield code="a">20160826f19001999|||y0rusy50      ca</subfield>
  </datafield>
  <datafield tag="102" ind1=" " ind2=" ">
    <subfield code="a">RU</subfield>
  </datafield>
  <datafield tag="126" ind1=" " ind2=" ">
    <subfield code="a">abuxexu      ux</subfield>
    <subfield code="b">xxx</subfield>
  </datafield>
  <datafield tag="127" ind1=" " ind2=" ">
    <subfield code="a">000044</subfield>
  </datafield>
  <datafield tag="135" ind1=" " ind2=" ">
    <subfield code="a">honoannnanndn</subfield>
  </datafield>
  <datafield tag="200" ind1="1" ind2=" ">
    <subfield code="a">&#x41A;&#x43E;&#x43D;&#x446;&#x435;&#x440;&#x442;&#x43D;&#x430;&#x44F; &#x43F;&#x440;&#x43E;&#x433;&#x440;&#x430;&#x43C;&#x43C;&#x430;</subfield>
    <subfield code="b">&#x417;&#x432;&#x443;&#x43A;&#x43E;&#x437;&#x430;&#x43F;&#x438;&#x441;&#x44C;</subfield>
  </datafield>
  <datafield tag="210" ind1=" " ind2=" ">
    <subfield code="a">&#x41C;.</subfield>
    <subfield code="c">&#x41C;&#x435;&#x43B;&#x43E;&#x434;&#x438;&#x44F;</subfield>
    <subfield code="d">[19--]</subfield>
  </datafield>
  <datafield tag="215" ind1=" " ind2=" ">
    <subfield code="a">1 &#x433;&#x440;&#x43F;.[&#x413;&#x41E;&#x421;&#x422; 5289-73](44 &#x43C;&#x438;&#x43D;): 33 &#x43E;&#x431;/&#x43C;&#x438;&#x43D;, &#x441;&#x442;&#x435;&#x440;&#x435;&#x43E;; 30 &#x441;&#x43C;, &#x432; &#x43A;&#x43E;&#x43D;&#x432;.</subfield>
  </datafield>
  <datafield tag="300" ind1=" " ind2=" ">
    <subfield code="a">&#x417;&#x430;&#x43F;&#x438;&#x441;&#x430;&#x43D;&#x430; &#x432; &#x41A;&#x430;&#x440;&#x442;&#x438;&#x43D;&#x43D;&#x43E;&#x439; &#x433;&#x430;&#x43B;&#x435;&#x440;&#x435;&#x435; &#x433;. &#x412;&#x438;&#x43B;&#x44C;&#x43D;&#x44E;&#x441;&#x430;</subfield>
  </datafield>
  <datafield tag="325" ind1=" " ind2=" ">
    <subfield code="a">&#x41A;&#x43E;&#x43F;&#x438;&#x44F; &#x434;&#x43E;&#x441;&#x442;&#x443;&#x43F;&#x43D;&#x430; &#x432; &#x42D;&#x43B;&#x435;&#x43A;&#x442;&#x440;&#x43E;&#x43D;. &#x431;-&#x43A;&#x435; &#x420;&#x41D;&#x411;</subfield>
  </datafield>
  <datafield tag="327" ind1="1" ind2=" ">
    <subfield code="a">1. &#x41A;&#x432;&#x430;&#x440;&#x442;&#x435;&#x442; : &#x434;&#x43E; &#x43C;&#x438;&#x43D;. / &#x438;&#x441;&#x43F;&#x43E;&#x43B;&#x43D;.: &#x41B;&#x438;&#x442;&#x43E;&#x432;&#x441;&#x43A;&#x438;&#x439; &#x43A;&#x432;&#x430;&#x440;&#x442;&#x435;&#x442;;</subfield>
    <subfield code="a">2. &#x41F;&#x440;&#x435;&#x43B;&#x44E;&#x434; : &#x424;&#x430; &#x43C;&#x430;&#x436;. / &#x438;&#x441;&#x43F;&#x43E;&#x43B;&#x43D;.: &#x41B;. &#x414;&#x438;&#x433;&#x440;&#x438;&#x441;, &#x43E;&#x440;&#x433;&#x430;&#x43D;;</subfield>
    <subfield code="a">3. &#x41F;&#x440;&#x435;&#x43B;&#x44E;&#x434; : &#x441;&#x43E;&#x43B;&#x44C; &#x43C;&#x438;&#x43D;. / &#x438;&#x441;&#x43F;&#x43E;&#x43B;&#x43D;.: &#x41B;. &#x414;&#x438;&#x433;&#x440;&#x438;&#x441;, &#x43E;&#x440;&#x433;&#x430;&#x43D;;</subfield>
    <subfield code="a">4. &#x41F;&#x440;&#x435;&#x43B;&#x44E;&#x434; : &#x41B;&#x44F;-&#x431;&#x435;&#x43C;&#x43E;&#x43B;&#x44C; &#x43C;&#x430;&#x436;. / &#x438;&#x441;&#x43F;&#x43E;&#x43B;&#x43D;.: &#x41B;. &#x414;&#x438;&#x433;&#x440;&#x438;&#x441;, &#x43E;&#x440;&#x433;&#x430;&#x43D;;</subfield>
    <subfield code="a">5. &#x41A;&#x430;&#x43D;&#x43E;&#x43D;&#x44B; : &#x41B;&#x44F;-&#x431;&#x435;&#x43C;&#x43E;&#x43B;&#x44C; &#x43C;&#x430;&#x436;., &#x440;&#x435; &#x43C;&#x438;&#x43D;. / &#x438;&#x441;&#x43F;&#x43E;&#x43B;&#x43D;.: &#x41B;. &#x414;&#x438;&#x433;&#x440;&#x438;&#x441;, &#x43E;&#x440;&#x433;&#x430;&#x43D;;</subfield>
    <subfield code="a">6. &#x424;&#x443;&#x433;&#x438; : &#x434;&#x43E; &#x43C;&#x438;&#x43D;., &#x441;&#x43E;&#x43B;&#x44C; &#x43C;&#x438;&#x43D;., &#x434;&#x43E;-&#x434;&#x438;&#x435;&#x437; &#x43C;&#x438;&#x43D;., &#x444;&#x430;-&#x434;&#x438;&#x435;&#x437; &#x43C;&#x438;&#x43D;. / &#x438;&#x441;&#x43F;&#x43E;&#x43B;&#x43D;.: &#x41B;. &#x414;&#x438;&#x433;&#x440;&#x438;&#x441;, &#x43E;&#x440;&#x433;&#x430;&#x43D;;</subfield>
    <subfield code="a">7. &#x424;&#x443;&#x433;&#x430;-&#x445;&#x43E;&#x440;&#x430;&#x43B; : &#x43B;&#x44F; &#x43C;&#x438;&#x43D;. / &#x438;&#x441;&#x43F;&#x43E;&#x43B;&#x43D;.: &#x41B;. &#x414;&#x438;&#x433;&#x440;&#x438;&#x441;, &#x43E;&#x440;&#x433;&#x430;&#x43D;</subfield>
  </datafield>
  <datafield tag="464" ind1=" " ind2="0">
    <subfield code="1">2001#$a&#x41A;&#x432;&#x430;&#x440;&#x442;&#x435;&#x442;$e&#x434;&#x43E; &#x43C;&#x438;&#x43D;.$g&#x438;&#x441;&#x43F;&#x43E;&#x43B;&#x43D;.: &#x41B;&#x438;&#x442;&#x43E;&#x432;&#x441;&#x43A;&#x438;&#x439; &#x43A;&#x432;&#x430;&#x440;&#x442;&#x435;&#x442;</subfield>
    <subfield code="1">6061#$a&#x41A;&#x432;&#x430;&#x440;&#x442;&#x435;&#x442;&#x44B; &#x441;&#x442;&#x440;&#x443;&#x43D;&#x43D;&#x44B;&#x435;$x&#x417;&#x432;&#x443;&#x43A;&#x43E;&#x437;&#x430;&#x43F;&#x438;&#x441;&#x44C;$y&#x41B;&#x438;&#x442;&#x432;&#x430;$z19-20 &#x432;&#x432;.$2nlr_sh</subfield>
    <subfield code="1">686##$a&#x429;952.507-040.2(4&#x41B;)$vLBC/SL$2rubbk</subfield>
    <subfield code="1">71202$a&#x41B;&#x438;&#x442;&#x43E;&#x432;&#x441;&#x43A;&#x438;&#x439; &#x43A;&#x432;&#x430;&#x440;&#x442;&#x435;&#x442;$4570$7ca</subfield>
    <subfield code="t">&#x41A;&#x432;&#x430;&#x440;&#x442;&#x435;&#x442;</subfield>
  </datafield>
  <datafield tag="464" ind1=" " ind2="0">
    <subfield code="1">2001#$a&#x41F;&#x440;&#x435;&#x43B;&#x44E;&#x434;$e&#x424;&#x430; &#x43C;&#x430;&#x436;.$f&#x438;&#x441;&#x43F;&#x43E;&#x43B;&#x43D;.: &#x41B;. &#x414;&#x438;&#x433;&#x440;&#x438;&#x441;, &#x43E;&#x440;&#x433;&#x430;&#x43D;</subfield>
    <subfield code="1">6061#$a&#x41F;&#x440;&#x435;&#x43B;&#x44E;&#x434;&#x438;&#x438; &#x434;&#x43B;&#x44F; &#x43E;&#x440;&#x433;&#x430;&#x43D;&#x430;$x&#x417;&#x432;&#x443;&#x43A;&#x43E;&#x437;&#x430;&#x43F;&#x438;&#x441;&#x44C;$y&#x41B;&#x438;&#x442;&#x432;&#x430;$z19-20 &#x432;&#x432;.$2nlr_sh</subfield>
    <subfield code="1">6890#$a&#x429;954.3-058.4(4&#x41B;)</subfield>
    <subfield code="1">702#1$9z01790$a&#x414;&#x438;&#x433;&#x440;&#x438;&#x441;$b&#x41B;.$g&#x41B;&#x435;&#x43E;&#x43F;&#x43E;&#x43B;&#x44C;&#x434;&#x430;&#x441;$f1934-$4590$4kor$7ca</subfield>
    <subfield code="1">790#1$9z01702$aDigris$bL.$gLeopoldas$f1934-$4590$4kor$7ba</subfield>
    <subfield code="t">&#x41F;&#x440;&#x435;&#x43B;&#x44E;&#x434;</subfield>
  </datafield>
  <datafield tag="464" ind1=" " ind2="0">
    <subfield code="1">2001#$a&#x41F;&#x440;&#x435;&#x43B;&#x44E;&#x434;$e&#x441;&#x43E;&#x43B;&#x44C; &#x43C;&#x438;&#x43D;.$f&#x438;&#x441;&#x43F;&#x43E;&#x43B;&#x43D;.: &#x41B;. &#x414;&#x438;&#x433;&#x440;&#x438;&#x441;, &#x43E;&#x440;&#x433;&#x430;&#x43D;</subfield>
    <subfield code="1">6890#$a&#x429;954.3-058.4(4&#x41B;)</subfield>
    <subfield code="1">702#1$9z01790$a&#x414;&#x438;&#x433;&#x440;&#x438;&#x441;$b&#x41B;.$g&#x41B;&#x435;&#x43E;&#x43F;&#x43E;&#x43B;&#x44C;&#x434;&#x430;&#x441;$f1934-$4590$7ca</subfield>
    <subfield code="1">790#1$9z01702$aDigris$bL.$gLeopoldas$f1934-$4590$7ba</subfield>
    <subfield code="t">&#x41F;&#x440;&#x435;&#x43B;&#x44E;&#x434;</subfield>
  </datafield>
  <datafield tag="464" ind1=" " ind2="0">
    <subfield code="1">2001#$a&#x41F;&#x440;&#x435;&#x43B;&#x44E;&#x434;$e&#x41B;&#x44F;-&#x431;&#x435;&#x43C;&#x43E;&#x43B;&#x44C; &#x43C;&#x430;&#x436;.$f&#x438;&#x441;&#x43F;&#x43E;&#x43B;&#x43D;.: &#x41B;. &#x414;&#x438;&#x433;&#x440;&#x438;&#x441;, &#x43E;&#x440;&#x433;&#x430;&#x43D;</subfield>
    <subfield code="1">702#1$9z01790$a&#x414;&#x438;&#x433;&#x440;&#x438;&#x441;$b&#x41B;.$g&#x41B;&#x435;&#x43E;&#x43F;&#x43E;&#x43B;&#x44C;&#x434;&#x430;&#x441;$f1934-$4590$4kor$7ca</subfield>
    <subfield code="1">790#1$9z01702$aDigris$bL.$gLeopoldas$f1934-$4590$4kor$7ba</subfield>
    <subfield code="t">&#x41F;&#x440;&#x435;&#x43B;&#x44E;&#x434;</subfield>
  </datafield>
  <datafield tag="464" ind1=" " ind2="0">
    <subfield code="1">2001#$a&#x41A;&#x430;&#x43D;&#x43E;&#x43D;&#x44B;$e&#x41B;&#x44F;-&#x431;&#x435;&#x43C;&#x43E;&#x43B;&#x44C; &#x43C;&#x430;&#x436;., &#x440;&#x435; &#x43C;&#x438;&#x43D;.$f&#x438;&#x441;&#x43F;&#x43E;&#x43B;&#x43D;.: &#x41B;. &#x414;&#x438;&#x433;&#x440;&#x438;&#x441;, &#x43E;&#x440;&#x433;&#x430;&#x43D;</subfield>
    <subfield code="1">6061#$a&#x41F;&#x43E;&#x43B;&#x438;&#x444;&#x43E;&#x43D;&#x438;&#x447;&#x435;&#x441;&#x43A;&#x430;&#x44F; &#x43C;&#x443;&#x437;&#x44B;&#x43A;&#x430; &#x434;&#x43B;&#x44F; &#x43E;&#x440;&#x433;&#x430;&#x43D;&#x430;$x&#x417;&#x432;&#x443;&#x43A;&#x43E;&#x437;&#x430;&#x43F;&#x438;&#x441;&#x44C;$y&#x41B;&#x438;&#x442;&#x432;&#x430;$z19-20 &#x432;&#x432;.$2nlr_sh</subfield>
    <subfield code="1">6890#$a&#x429;954.3-045&#x44F;44(4&#x41B;)</subfield>
    <subfield code="1">702#1$9z01790$a&#x414;&#x438;&#x433;&#x440;&#x438;&#x441;$b&#x41B;.$g&#x41B;&#x435;&#x43E;&#x43F;&#x43E;&#x43B;&#x44C;&#x434;&#x430;&#x441;$f1934-$4590$4kor$7ca</subfield>
    <subfield code="1">790#1$9z01702$aDigris$bL.$gLeopoldas$f1934-$4590$4kor$7ba</subfield>
    <subfield code="t">&#x41A;&#x430;&#x43D;&#x43E;&#x43D;&#x44B;</subfield>
  </datafield>
  <datafield tag="464" ind1=" " ind2="0">
    <subfield code="1">2001#$a&#x424;&#x443;&#x433;&#x438;$e&#x434;&#x43E; &#x43C;&#x438;&#x43D;., &#x441;&#x43E;&#x43B;&#x44C; &#x43C;&#x438;&#x43D;., &#x434;&#x43E;-&#x434;&#x438;&#x435;&#x437; &#x43C;&#x438;&#x43D;., &#x444;&#x430;-&#x434;&#x438;&#x435;&#x437; &#x43C;&#x438;&#x43D;.$f&#x438;&#x441;&#x43F;&#x43E;&#x43B;&#x43D;.: &#x41B;. &#x414;&#x438;&#x433;&#x440;&#x438;&#x441;, &#x43E;&#x440;&#x433;&#x430;&#x43D;</subfield>
    <subfield code="1">6061#$a&#x41F;&#x43E;&#x43B;&#x438;&#x444;&#x43E;&#x43D;&#x438;&#x447;&#x435;&#x441;&#x43A;&#x430;&#x44F; &#x43C;&#x443;&#x437;&#x44B;&#x43A;&#x430; &#x434;&#x43B;&#x44F; &#x43E;&#x440;&#x433;&#x430;&#x43D;&#x430;$x&#x417;&#x432;&#x443;&#x43A;&#x43E;&#x437;&#x430;&#x43F;&#x438;&#x441;&#x44C;$y&#x41B;&#x438;&#x442;&#x432;&#x430;$z19-20 &#x432;&#x432;.$2nlr_sh</subfield>
    <subfield code="1">6890#$a&#x429;954.3-045&#x44F;44(4&#x41B;)</subfield>
    <subfield code="1">702#1$9z01790$a&#x414;&#x438;&#x433;&#x440;&#x438;&#x441;$b&#x41B;.$g&#x41B;&#x435;&#x43E;&#x43F;&#x43E;&#x43B;&#x44C;&#x434;&#x430;&#x441;$f1934-$4590$4kor$7ca</subfield>
    <subfield code="1">790#1$9z01702$aDigris$bL.$gLeopoldas$f1934-$4590$4kor$7ba</subfield>
    <subfield code="t">&#x424;&#x443;&#x433;&#x438;</subfield>
  </datafield>
  <datafield tag="464" ind1=" " ind2="0">
    <subfield code="1">2001#$a&#x424;&#x443;&#x433;&#x430;-&#x445;&#x43E;&#x440;&#x430;&#x43B;$e&#x43B;&#x44F; &#x43C;&#x438;&#x43D;.$f&#x438;&#x441;&#x43F;&#x43E;&#x43B;&#x43D;.: &#x41B;. &#x414;&#x438;&#x433;&#x440;&#x438;&#x441;, &#x43E;&#x440;&#x433;&#x430;&#x43D;</subfield>
    <subfield code="1">6061#$a&#x41F;&#x43E;&#x43B;&#x438;&#x444;&#x43E;&#x43D;&#x438;&#x447;&#x435;&#x441;&#x43A;&#x430;&#x44F; &#x43C;&#x443;&#x437;&#x44B;&#x43A;&#x430; &#x434;&#x43B;&#x44F; &#x43E;&#x440;&#x433;&#x430;&#x43D;&#x430;$x&#x417;&#x432;&#x443;&#x43A;&#x43E;&#x437;&#x430;&#x43F;&#x438;&#x441;&#x44C;$y&#x41B;&#x438;&#x442;&#x432;&#x430;$z19-20 &#x432;&#x432;.$2nlr_sh</subfield>
    <subfield code="1">6890#$a&#x429;954.3-045(4&#x41B;)</subfield>
    <subfield code="1">702#1$9z01790$a&#x414;&#x438;&#x433;&#x440;&#x438;&#x441;$b&#x41B;.$g&#x41B;&#x435;&#x43E;&#x43F;&#x43E;&#x43B;&#x44C;&#x434;&#x430;&#x441;$f1934-$4590$4kor$7ca</subfield>
    <subfield code="1">790#1$9z01702$aDigris$bL.$gLeopoldas$f1934-$4590$4kor$7ba</subfield>
    <subfield code="t">&#x424;&#x443;&#x433;&#x430;-&#x445;&#x43E;&#x440;&#x430;&#x43B;</subfield>
  </datafield>
  <datafield tag="606" ind1="1" ind2=" ">
    <subfield code="a">&#x41A;&#x430;&#x43C;&#x435;&#x440;&#x43D;&#x430;&#x44F; &#x43C;&#x443;&#x437;&#x44B;&#x43A;&#x430; &#x437;&#x430;&#x440;&#x443;&#x431;&#x435;&#x436;&#x43D;&#x430;&#x44F;</subfield>
    <subfield code="x">&#x417;&#x432;&#x443;&#x43A;&#x43E;&#x437;&#x430;&#x43F;&#x438;&#x441;&#x44C;</subfield>
    <subfield code="y">&#x41B;&#x438;&#x442;&#x432;&#x430;</subfield>
    <subfield code="z">20 &#x432;.</subfield>
    <subfield code="2">nlr_sh</subfield>
  </datafield>
  <datafield tag="686" ind1=" " ind2=" ">
    <subfield code="a">&#x429;95&#x44F;44(4&#x41B;)</subfield>
    <subfield code="v">LBC/SL</subfield>
    <subfield code="2">rubbk</subfield>
  </datafield>
  <datafield tag="700" ind1=" " ind2="1">
    <subfield code="4">230</subfield>
    <subfield code="8">rus</subfield>
    <subfield code="7">ca</subfield>
    <subfield code="a">&#x427;&#x44E;&#x440;&#x43B;&#x435;&#x43D;&#x438;&#x441;</subfield>
    <subfield code="b">&#x41C;. &#x41A;.</subfield>
    <subfield code="f">1875-1911</subfield>
    <subfield code="g">&#x41C;&#x438;&#x43A;&#x430;&#x43B;&#x43E;&#x44E;&#x441; &#x41A;&#x43E;&#x43D;&#x441;&#x442;&#x430;&#x43D;&#x442;&#x438;&#x43D;&#x430;&#x441;</subfield>
    <subfield code="3">RU\NLR\AUTH\77118205</subfield>
    <subfield code="9">101130</subfield>
  </datafield>
  <datafield tag="790" ind1=" " ind2="1">
    <subfield code="9">z06700</subfield>
    <subfield code="a">&#x10C;iurlionis</subfield>
    <subfield code="b">M.K.</subfield>
    <subfield code="f">1875-1911</subfield>
    <subfield code="g">Mikalojus Konstantinas</subfield>
    <subfield code="4">230</subfield>
    <subfield code="7">ba</subfield>
  </datafield>
  <datafield tag="801" ind1=" " ind2="0">
    <subfield code="a">RU</subfield>
    <subfield code="b">NLR</subfield>
    <subfield code="c">20160826</subfield>
    <subfield code="g">PSBO</subfield>
  </datafield>
  <datafield tag="801" ind1=" " ind2="1">
    <subfield code="a">RU</subfield>
    <subfield code="b">NLR</subfield>
    <subfield code="c">20160826</subfield>
    <subfield code="2">rusmarc</subfield>
  </datafield>
  <datafield tag="801" ind1=" " ind2="2">
    <subfield code="a">RU</subfield>
    <subfield code="b">NLR</subfield>
    <subfield code="c">20201211</subfield>
  </datafield>
  <datafield tag="852" ind1=" " ind2=" ">
    <subfield code="a">NLR</subfield>
    <subfield code="b">&#x41C;&#x433;</subfield>
    <subfield code="j">3/2984</subfield>
    <subfield code="p">12775</subfield>
    <subfield code="t">1</subfield>
  </datafield>
  <datafield tag="856" ind1=" " ind2="0">
    <subfield code="u">http://vivaldi.nlr.ru/mk000000363/view</subfield>
  </datafield>
  <datafield tag="856" ind1=" " ind2="1">
    <subfield code="u">http://vivaldi.nlr.ru/mk000000363/cover</subfield>
  </datafield>
  <datafield tag="856" ind1=" " ind2="2">
    <subfield code="u">http://vivaldi.nlr.ru/mk000000363/text</subfield>
  </datafield>
  <datafield tag="942" ind1=" " ind2=" ">
    <subfield code="c">REC</subfield>
  </datafield>
  <datafield tag="980" ind1=" " ind2=" ">
    <subfield code="a">NB</subfield>
  </datafield>
  <datafield tag="980" ind1=" " ind2=" ">
    <subfield code="a">ONIZ</subfield>
  </datafield>
  <datafield tag="981" ind1="2" ind2="4">
    <subfield code="a">(24) &#x41D;&#x43E;&#x442;&#x43D;&#x44B;&#x435; &#x438;&#x437;&#x434;&#x430;&#x43D;&#x438;&#x44F; &#x438; &#x430;&#x443;&#x434;&#x438;&#x43E;&#x437;&#x430;&#x43F;&#x438;&#x441;&#x438;</subfield>
    <subfield code="b">(24) &#x413;&#x440;&#x430;&#x43C;&#x43F;&#x43B;&#x430;&#x441;&#x442;&#x438;&#x43D;&#x43A;&#x438;</subfield>
  </datafield>
  <datafield tag="995" ind1=" " ind2=" ">
    <subfield code="5">2016-08-26</subfield>
    <subfield code="b">NLR01</subfield>
    <subfield code="c">NLR01</subfield>
    <subfield code="e">ONIZ</subfield>
    <subfield code="k">3/2984 3/2984</subfield>
    <subfield code="o">0</subfield>
    <subfield code="r">REC</subfield>
    <subfield code="s">32984_32984</subfield>
  </datafield>
</record>
